Working capital management: text and cases. (Record no. 156885)
[ view plain ]
| 000 -LEADER | |
|---|---|
| fixed length control field | 00521nam a2200205Ia 4500 |
| 003 - CONTROL NUMBER IDENTIFIER | |
| control field | OSt |
| 005 - DATE AND TIME OF LATEST TRANSACTION | |
| control field | 20230403161724.0 |
| 008 - FIXED-LENGTH DATA ELEMENTS--GENERAL INFORMATION | |
| fixed length control field | 210423s2009 xx 000 0 und d |
| 040 ## - CATALOGING SOURCE | |
| Transcribing agency | AL |
| 041 ## - LANGUAGE CODE | |
| Language code of text/sound track or separate title | eng |
| 082 ## - DEWEY DECIMAL CLASSIFICATION NUMBER | |
| Classification number | 658 |
| Edition number | 23 |
| Item number | BHAV |
| 100 ## - MAIN ENTRY--PERSONAL NAME | |
| Personal name | BHALLA (V K). |
| 9 (RLIN) | 82807 |
| 245 ## - TITLE STATEMENT | |
| Title | Working capital management: text and cases. |
| 250 ## - EDITION STATEMENT | |
| Edition statement | 9 |
| 260 ## - PUBLICATION, DISTRIBUTION, ETC. | |
| Place of publication, distribution, etc. | New Delhi |
| Name of publisher, distributor, etc. | Anmol Publications |
| Date of publication, distribution, etc. | 2009 |
| 300 ## - PHYSICAL DESCRIPTION | |
| Extent | xv,984 |
| 365 ## - TRADE PRICE | |
| Price amount | 900 |
| Currency code | INR |
| 906 ## - LOCAL DATA ELEMENT F, LDF (RLIN) | |
| a | capital ; cases. ; management: ; Working |
| 942 ## - ADDED ENTRY ELEMENTS (KOHA) | |
| Source of classification or shelving scheme | Dewey Decimal Classification |
| Koha item type | Book |
| Withdrawn status | Lost status | Damaged status | Not for loan | Collection code | Home library | Current library | Date acquired | Source of acquisition | Cost, normal purchase price | Total Checkouts | Full call number | Barcode | Date last seen | Price effective from | Koha item type |
|---|---|---|---|---|---|---|---|---|---|---|---|---|---|---|---|
| M Com | St Aloysius PG Library | St Aloysius PG Library | 07/23/2009 | Athulya Books | 900.00 | 658 BHAV | PG003360 | 08/24/2022 | 04/26/2021 | Book |